| 000 | 01433nam a2200289Ia 4500 | ||
|---|---|---|---|
| 003 | OSt | ||
| 005 | 20200903150728.0 | ||
| 008 | 191128s2017 ck ao gr 000 0 spa d | ||
| 020 | _a9789585990401 | ||
| 040 |
_aCO-JMCR _cCO-JMCR |
||
| 041 | 0 | _aspa | |
| 082 | 0 | 4 |
_a361.8 / _bM379p _223 |
| 100 | 1 |
_aMartín Franco, Iván Bernal, _eautor _99748 |
|
| 245 | 1 | 0 |
_aPostales desde el Salado : _bla historia de un pueblo que se reconstruyó a sí mismo / _cIván Bernal Martín Franco ; fotografía, Alejandra Quintero Sinisterra. |
| 250 | _aPrimera edición | ||
| 260 |
_aBogotá : _bFundación Semana : BID, _c2017 |
||
| 300 |
_a168 páginas : _bfotografías a color ; _c29 cm. |
||
| 505 | 0 | _aEsto hicimos -- El pueblo que sobrevivió a una masacre amenizada por gaitas -- Las víctimas de una masacre que no debió ocurrir | |
| 520 | 3 | _aEn febrero de 2000, El Salado, en Bolivar, fue escenario de una de las peores masacres de la historia de Colombia, que provocó el desplazamiento de todos sus habitantes. | |
| 650 | 1 | 4 |
_aMasacre de El Salado _y2000 _zBolívar (Colombia) _99749 |
| 650 | 1 | 4 |
_aCrímenes de lesa humanidad _zEl Salado (Bolívar, Colombia) _99750 |
| 650 | 1 | 4 |
_aViolencia _zEl Salado (Bolívar, Colombia) _99751 |
| 650 | 1 | 4 |
_aResponsabilidad del Estado _zColombia _99752 |
| 650 | 1 | 4 |
_aAsesinatos _zEl Salado (Bolívar, Colombia) _99753 |
| 700 | 1 |
_aAlejandra, Quintero Sinisterra, _efotógrafa _99754 |
|
| 942 |
_2ddc _cBK |
||
| 999 |
_c3434 _d3434 |
||